| 000 | 00687nam a2200229Ia 4500 | ||
|---|---|---|---|
| 003 | OSt | ||
| 005 | 20240628093843.0 | ||
| 008 | 210716s2006 xx 000 0 und d | ||
| 020 | _a8184290160 | ||
| 040 | _cAIMIT LIBRARY | ||
| 041 | _aeng | ||
| 082 |
_a374.22 _21 _bREDR |
||
| 100 |
_aReddy, R Chinna. _9171850 |
||
| 245 |
_aBrisk walk and yoga elixir of life / _cBy Reddy, R Chinna. |
||
| 250 | _a1st ed. | ||
| 260 |
_aNew Delhi : _bAssociated Publishers , _c2006. |
||
| 300 |
_axvi,236p. ; _bHB _c25.5 cm |
||
| 650 |
_aReview of literature _9171851 |
||
| 650 |
_aMethodologh & importance _9171852 |
||
| 650 |
_aDescription of asanas _9171853 |
||
| 942 |
_2ddc _cBK _e1st _k374.22 REDR |
||
| 999 |
_c201004 _d201004 |
||